书目信息 |
| 题名: |
图书馆与社会
|
|
| 作者: | 程亚男 著 | |
| 分册: | ||
| 出版信息: | 北京 书目文献出版社 1993 |
|
| 页数: | 224页 | |
| 开本: | 19cm | |
| 丛书名: | ||
| 单 册: | ||
| 中图分类: | G25 | |
| 科图分类: | ||
| 主题词: | 图书馆事业--关系--社会 , 社会--关系--图书馆事业 | |
| 电子资源: | ||
| ISBN: | 7-5013-1087-4 | |
| 000 | 00666nam0 2200241 45 | |
| 001 | TLS9400788 | |
| 005 | 20070725163404.92 | |
| 009 | TLS9400788 | |
| 010 | @a7-5013-1087-4@dCNY6.10 | |
| 100 | @a19940404d1993 em y0chiy0120 ea | |
| 101 | 0 | @achi |
| 102 | @aCN@b110000 | |
| 105 | @ak a 000yy | |
| 200 | 1 | @a图书馆与社会@ATu Shu Guan Yu She Hui@f程亚男@FCheng Ya Nan |
| 210 | @a北京@c书目文献出版社@d1993 | |
| 215 | @a224页@d19cm | |
| 320 | @a书目: 第223-224页。 | |
| 606 | @a图书馆事业--关系--社会 | |
| 606 | @a社会--关系--图书馆事业 | |
| 690 | @aG25@v3 | |
| 701 | 0 | @a程亚男@ACheng Ya Nan@4著 |
| 801 | 0 | @aCN@bTSSF@c20070725 |
| 905 | @a10447@dG25@e101 | |
| 图书馆与社会/程亚男.-北京:书目文献出版社,1993 |
| 224页;19cm |
| ISBN 7-5013-1087-4:CNY6.10 |
| ● |
| 相关链接 |
|
|
|
|
正题名:图书馆与社会
索取号:G25/101
 
预约/预借
| 序号 | 登录号 | 条形码 | 馆藏地/架位号 | 状态 | 备注 |
| 1 | 0453816 | 204538161 | 密集书库/ [索取号:G25/101] | 在馆 | |
| 2 | 0784451 | 207844519 | 第四借阅区/ [索取号:G25/101] | 在馆 | |
| 3 | 0784452 | 207844528 | 第四借阅区/ [索取号:G25/101] | 在馆 |